000
00222nam a22001097a 4500
082
_a
494
_b
MAP/N
245
_a
NIBHANDHOM KAA GAJANA
260
_a
NOIDA
_b
MAPLE PRESS
300
_a
300
650
_a
ESSAY
_z
NOIDA
942
_c
BK
999
_c
4490
_d
4490